000 00693cab a2200229 4500
001 ABS56019
008 090401t1996 xxu||||| |||| 00| 0 eng d
035 _a(Sirsi) u20461
041 _aeng
100 _aSydenham, A.
245 _aReforms give trustees greater flexibility
260 _c1996
350 _a0
490 _aEstates Gazette
_v(9641) 12 October 1996, 158-160(3)
520 _aLooks at the implications for surveyors of the Trusts of Land and Appointment of Trustees Act 1996.
650 _aLAND SALES
650 _aTRUSTS OF LAND AND APPOINTMENT OF TRUSTEES ACT 1996
690 _aLAND
690 _aPROPERTY LAW AND PRACTICE
942 _n0
948 _c04/03/1997
999 _c13709
_d13709